Normal view
MARC view
- TAMSSIA ROBERTO GOOFRICH T. MICHAEL
Entry Personal Name
001 - CONTROL NUMBER
- control field: 86854
003 - CONTROL NUMBER IDENTIFIER
- control field: NUST
005 - DATE AND TIME OF LATEST TRANSACTION
- control field: 20211221111333.0
008 - FIXED-LENGTH DATA ELEMENTS
- fixed length control field: 211221|| aca||aabn | a|a d
040 ## - CATALOGING SOURCE
- Original cataloging agency: NUST
- Transcribing agency: NUST
100 ## - HEADING--PERSONAL NAME
- Personal name: TAMSSIA ROBERTO GOOFRICH T. MICHAEL
670 ## - SOURCE DATA FOUND
- Source citation: Work cat.: (NUST): TAMSSIA ROBERTO GOOFRICH T. MICHAEL., DATA STRUCTURES ALGORITHM /, 2011.
